000 00744nam a2200241Ia 4500
003 OSt
005 20220925214755.0
006 a|||||r|||| 00| 0
007 ta
008 220923b |||||||| |||| 00| 0 eng d
037 _cGeneral Book
040 _aRTL
_cRTL
_beng
041 _2eng
_aeng
082 _aYxM64:g(R34), M4
100 _aBrubaker Rogers
_9131478
245 0 _aLimits of rationality
_b An essays on the social and Moral Thought of Max Weber
260 _aLondon
_bGeorge Allen & Unwin
_c1984
300 _aviii,119p
_ccm.
490 _aControversies in Sociology.16
500 _aBibliography : P 115-117
942 _hYxM64:g(R34), M4
_cGB
_2CC
999 _c566594
_d566594